| 000 | 00878nam a2200253Ia 4500 | ||
|---|---|---|---|
| 003 | OSt | ||
| 005 | 20220923223859.0 | ||
| 006 | a|||||r|||| 00| 0 | ||
| 007 | ta | ||
| 008 | 220922b |||||||| |||| 00| 0 hin d | ||
| 024 | _a222,798 | ||
| 037 | _cTextual | ||
| 040 |
_aARTS _cARTS _bhin |
||
| 041 |
_2hin _ahin |
||
| 082 | _aO152,1N5:g, N8 | ||
| 100 | _aचौहान, कर्णसिंह | ||
| 245 | 0 | _aप्रगतिवादी आंदोलन का इतिहास | |
| 246 | _aPragativādī āandolan kā itihāsa | ||
| 260 |
_aनई दिल्ली _b प्रकाशन संस्थान _c1998 |
||
| 300 |
_a224पृ. _ccm. |
||
| 650 |
_aहिन्दी साहित्य _9156264 |
||
| 942 |
_hO152,1N5:g, N8 _cTEXL _2CC |
||
| 999 |
_c367970 _d367970 |
||